| 000 | nam a22 a 4500 | ||
|---|---|---|---|
| 999 |
_c2223 _d2223 |
||
| 005 | 20170515155625.0 | ||
| 008 | 170515b1995 - ||||| |||| 00| 0 eng d | ||
| 020 | _a0883904756 | ||
| 040 | _aAKMAL | ||
| 082 | _a371.3 SIL | ||
| 090 |
_a371.3 _bSIL |
||
| 245 |
_a101 WAYS TO MAKE TRAINING ACTIVE _cMEL SILBERMAN ASSISTED BY KAREN LAWSON |
||
| 260 |
_aUNITED STATES OF AMERICA _bPFEIFFER & COMPANY _c1995 |
||
| 300 |
_a303pg,.; _c30 cm |
||
| 942 |
_2ddc _cBOOK |
||